000 00572nam a22002177a 4500
003 UA-OsUOA
001 67412
007 ta
008 20100223b un ||||| |||| 00| 0 ukr d
090 _a343.4
_bУ26
942 _cBK
040 _aUA-OsUOA
_brus
_cUA-OsUOA
_dUA-OsUOA
245 _aУголовное право зарубежных государств
300 _a568 с.
955 _a2
041 _arus
080 _a343.4
260 _aМ.
_c1999
650 7 _a343 Кримінальне право. Карні порушення
_2UDC
999 _c353123
_d353123